000 00846nam a22002297a 4500
003 UA-OsUOA
001 46041
007 ta
008 20070529b un ||||| |||| 00| 0 ukr d
090 _a328.126(477)
_bА64
942 _cBK
040 _aUA-OsUOA
_bukr
_cUA-OsUOA
_dUA-OsUOA
245 _aАналіз законотворчої роботи партій, що прийшли до влдаи внаслдіок виборів 2006 року
_bЗбірник аналітичних висновків дослідження
_cПід заг. ред. О.В. Носової
300 _a276 с.
955 _a4
041 _aukr
080 _a328.126(477)
020 _a966-2944-09-5
260 _aК.
_bЛАТі К
_c2007
650 7 _a328 Парламенти. Представництво народу. Уряди
_2UDC
999 _c332140
_d332140